000 00591nam a2200193 4500
003 LK-CoMWRAF
005 20231130100827.0
008 231130b2007 |||||||| |||| 00| 0 eng d
020 _a9789558375020
040 _aLK-CoMWRAF
_dLK-CoMWRAF
_eLK-CoMWRAF
041 _aeng
082 _a305.42
_bGEN
245 _aGender based violence in Sri Lanka :
_bmonographs
260 _aColombo :
_bUnited Nations population fund
_c2007
300 _a164 p. ; 23 cm.
_bBibliography included
650 _aWomen -- Violence against -- Sri Lanka
710 _aCentre for Women's Research
942 _cBK
999 _c4261
_d4261